Cold calling for chickens (Record no. 143079)
[ view plain ]
| 000 -LEADER | |
|---|---|
| fixed length control field | 01031nam a2200289Ia 4500 |
| 082 04 - DEWEY DECIMAL CLASSIFICATION NUMBER | |
| Classification number | 658.872 |
| 100 1# - MAIN ENTRY--AUTHOR NAME | |
| Personal name | Etherington, Bob. |
| 245 10 - TITLE STATEMENT | |
| Title | Cold calling for chickens |
| 260 ## - PUBLICATION, DISTRIBUTION, ETC. (IMPRINT) | |
| Place of publication | London : |
| Name of publisher | Cyan, |
| Year of publication | 2006. |
| 300 ## - PHYSICAL DESCRIPTION | |
| Number of Pages | 148 p. |
| 650 #0 - SUBJECT ADDED ENTRY--TOPICAL TERM | |
| Topical Term | Telephone selling. |
| Topical Term | Selling. |
| 856 40 - ELECTRONIC LOCATION AND ACCESS | |
| Uniform Resource Identifier | http://site.ebrary.com/lib/rucke/Doc?id=10424358 |
No items available.
